Finance week

Detalles Bibliográficos
Nuevo Título:Finweek
Título anterior:F & T weekly
Formato: Electrónico Revista
Lenguaje:inglés
Publicado: Johannesburg : Finance Week, -[2005]
Materias:
Acceso en línea:Full text available from Research Library: 04/02/1998 to 12/04/1998

MARC

LEADER 00000nas a2200000 a 4500
001 ssj0018415
003 WaSeSS
005 20200512172242.0
006 m d
007 cr n
008 790719d19792005sa wr p s 0 a0eng c
010 |a  80641597  
022 |l 0256-0321  |y 0256-0321 
035 |a (WaSeSS)ssj0018415 
037 |b Finance Week, Box 786466, Sandton, 2146, South Africa 
040 |a YUS  |b eng  |c YUS  |d DLC  |d NST  |d AIP  |d DLC  |d CLU  |d OCLCQ  |d DLC  |d CLU  |d DLC  |d OCLCQ  |d OCLCF  |d OCLCA  |d OCLCQ  |d WaSeSS 
042 |a pcc 
043 |a f-sa--- 
050 0 0 |a HG46  |b .F48 
082 0 |a 332/.0968 
130 0 |a Finance week (Johannesburg, South Africa) 
210 0 |a Finance week 
222 0 |a Finance week 
245 1 0 |a Finance week  |h [electronic resource]. 
246 1 3 |a F & T finance week  |f <18 Sept. 1998-> 
260 |a Johannesburg :  |b Finance Week,  |c -[2005] 
362 1 |a Began with v. 1, no. 1 (Jan. 19, 1979). 
362 0 |a -21 Sept. 2005. 
500 |a Published: Sandton, South Africa, <2003>-2005. 
506 |a License restrictions may limit access. 
515 |a Multiple volumes per year, 1979-1998. 
515 |a Designated by volume, number, and date, v. 1, no. 1 (Jan. 19, 1979)-v. 76, no. 36 (10/16 Sept. 1998); by date only, 18 Sept. 1998-21 Sept. 2005. 
525 |a Supplements accompany some issues. 
580 |a Absorbed: F & T weekly, 18 Sept. 1998. 
588 |a Description based on: Vol. 2, no. 3 (May 17/23, 1979); title from cover. 
650 0 |a Finance  |z South Africa  |v Periodicals. 
650 7 |a Commerce.  |2 fast  |0 (OCoLC)fst00869279 
650 7 |a Finance.  |2 fast  |0 (OCoLC)fst00924349 
651 0 |a South Africa  |x Commerce  |v Periodicals. 
651 7 |a South Africa.  |2 fast  |0 (OCoLC)fst01204616 
655 0 |a Electronic journals. 
780 1 5 |t F & T weekly  |w (DLC)sn 99017056  |w (OCoLC)41323632 
785 0 0 |t Finweek  |x 1812-4658  |w (DLC) 2006222461  |w (OCoLC)61765119 
850 |a CLU  |a CtY  |a DLC  |a IEN  |a NN 
856 4 0 |z Full text available from Research Library: 04/02/1998 to 12/04/1998  |u https://search.proquest.com/publication/33818